000 00902nam a2200253 a 4500
005 20231128063932.0
008 150804s2006 mx r 000 0 spa d
020 _a9680301737
035 _aUPN01000204796
049 _aCG
050 4 _aF1219
_bC3.4
245 0 0 _aCaleidoscopio de alternativas :
_bestudios culturales desde la antropología y la historia /
_ccoord. Ana María Crespo ; María Elena Aramoni Burguete ... [et al.]
260 _aMéxico :
_bINAH,
_c2006.
300 _a116 p.
440 0 _aCientifica ;
_v485.
_pAntropología
650 4 _aIndígenas de México
_xAntigüedades
_94692
650 4 _aIndígenas de México
_xHistoria
_912765
650 4 _aIndígenas de América del Sur
_933
650 4 _aANTROPOLOGIA -
_zAMERICA LATINA
_94763
700 1 _aCrespo, Ana María,
_ecoord.
700 1 _aAramoni Burguete, María Elena,
_ecoaut.
905 _aLibro
999 _c176897
_d176897